00526nam a2200193Ii 450000100060000000300090000600800410001502000150005604000330007104100080010408200180011210000310013024500410016126400370020230000120023933600260025133700280027733800270030514914CO-ViMGA241108s9999||||xx |||||||||||||| ||und|| a9583504092 aCO-ViMGAbspaerdacCO-ViMGA0 aspa04a574.8732 A35y1 aEmilio José Yunis Turbay10aEl ADN en la identificación humana 1aBogotá, Colombia : Temis, 2002 avolumen atextbtxt2rdacontent aunmediatedbn2rdamedia avolumebnc2rdacarrier